Space - Statistics

General Stats
  • This quiz has been taken 14 times
  • The average score is 6 of 8
Answer Stats
Picture Answer % Correct
Black Hole
100%
Sun
100%
Mars
92%
Comet
85%
Earth
85%
Solar System
85%
Moon Landing
54%
Milky Way Galaxy
38%
No matching quizzes found
Score Distribution
Percent of People with Each Score
Percentile by Number Answered
Your Score History
You have not taken this quiz